[Event "SVK-ch U10 Girls"]
[Site "Liptovsky Mikulas"]
[Date "2007.04.22"]
[Round "1"]
[White "Ballova, Henrieta"]
[Black "Polakova, Eva"]
[Result "0-1"]
[WhiteElo "1350"]
[BlackElo "1350"]
[PlyCount "36"]
[EventDate "2007.04.22"]
[EventType "swiss"]
[EventRounds "7"]
[EventCountry "SVK"]
[SourceTitle "EXT 2008"]
[Source "ChessBase"]
[SourceDate "2007.11.25"]
[SourceVersion "1"]
[SourceVersionDate "2007.11.25"]
[SourceQuality "1"]

1. e4 e5 2. Nf3 Nc6 3. Nc3 Bb4 4. Nd5 Bc5 5. d3 d6 6. Bd2 Bg4 7. Bg5 Qd7 8. h3 Bxf3 9. Qxf3 f6 10. Bxf6 Nxf6 11. Nxf6+ gxf6 12. Qxf6 Rf8 13. Qh6 Qf7 14. 0-0-0 Qxa2 15. Qh5+ Rf7 16. Be2 Bxf2 17. Rhf1 Be3+ 18. Rd2 Qa1# 0-1